000 00640nam a2200277Ia 4500
005 20260324111932.0
008 008 260324s9999 xx 000 0 eng d
020 _a9781003463733
037 _aEBOOK
040 _aCRL
040 _beng
040 _cCRL
041 _2eng
041 _aeng
084 _qCRL
100 _aIrene O’Leary
_91140619
245 0 _aDynamic Processes and Reading Novels
260 _bTaylor and Francis
260 _c2025
365 _a
365 _b230
856 _uhttp://www.taylorfrancis.com/books/9781003463733
942 _cEBOOK
999 _c1729618
_d1729618